00365nam a2200169Ia 4500008004100000041000800041100000800049245004000057250000800097260002100105300000800126365001200134500000900146520001200155650000900167999001900176230605s9999 xx 000 0 und d aeng avaz aManagement organisation Development a3rd bmanan prakashan  a319 b108h10 a2001 aGeneral aM.M. c419028d419028